000 01206nam a22003137a 4500
005 20240530110545.0
008 160113s2013 ua g b 00| 0 ara d
017 _a2012/21563
_bمصر . دار الكتب المصرية
020 _a9789774383430
040 _aEG-CaGPL
082 0 4 _221
_a322.4\
_bع أ
100 0 _aعبدالحكيم عبدالجليل المغبشى
245 1 0 _aازمة المعارضة فى النظم السياسية المعاصرة /
_cعبدالحكيم عبدالجليل المغبشى
250 _aط1
260 _aالاسكندرية :
_bالمكتب الجامعى الحديث ،
_c2013 .
300 _a502 ص ؛
_c24 سم .
504 _aيشتمل على ارجاعات ببليوجرافية
650 0 4 _aمعارضة
_xالعالم العربى
650 0 4 _aالاحوال السياسية
650 0 4 _aالسلطة التنفيذية
650 0 4 _aالنظم السياسية
650 0 4 _aمجلس التعاون الخليجى
651 0 4 _aالاردن
651 0 4 _aمصر
_xالاحزاب السياسية
651 0 4 _aاليمن
651 0 4 _aالمغرب
942 _2ddc
_cBK
999 _c62338
_d62338